000 00878nam a2200265Ia 4500
003 OSt
005 20220923212723.0
006 a|||||r|||| 00| 0
007 ta
008 220922b |||||||| |||| 00| 0 hin d
024 _a155,614
037 _cTextual
040 _aARTS
_cARTS
_bhin
041 _2hin
_ahin
082 _aO15,2D81w, 152N2
100 _aत्रिवेदी, मातृदत्त
245 0 _aविशाखदत्त
246 _aVishākhadatta
250 _aसंस्क 3
260 _aनई दिल्ली
_b साहित्य अकादेमी
_c1992
300 _a108 पृ.
_ccm.
490 _aभारतीय साहित्य के निर्माता
942 _hO15,2D81w, 152N2
_cTEXL
_2CC
999 _c311094
_d311094